W Samo Południe - Piosenki - Statystyki

Ogólne statystyki
  • Ten quiz został rozwiązany 27 razy
  • Średni wynik to 8 z 11
Statystyki odpowiedzi
Hint Odpowiedź % Poprawnych
2 Billy Kid
96%
4 Blask
92%
7 Paw
92%
6 Gitara
88%
5 Bourbon
85%
1 Rewolwer
81%
8 Jeździec
69%
9 Lemur
69%
3 Alarm
62%
11 Forsa
58%
10 Kindga Ka
54%
Nie znaleziono quizów pasujących do podanych kryteriów
Rozkład punktacji
Procent ludzi z każdym wynikiem
Percentyl według liczby udzielonych odpowiedzi
Twoja historia wyników
Nie rozwiązałeś tego quizu